| 000 | 00545nam a2200205 a 4500 | ||
|---|---|---|---|
| 001 | 16253 | ||
| 003 | CO-ViMGA | ||
| 008 | 141112s2004 ck r 000 u spa d | ||
| 020 | _a958045034X | ||
| 040 |
_aCO-ViMGA _bspa _cCO-ViMGA |
||
| 082 | 0 | 4 | _aHERni |
| 100 | 1 |
_aHerfutner, Rudolf _923237 |
|
| 245 | 1 | 0 | _aNiki y el perrito |
| 260 |
_aBogotá : _bNorma, _c2002 |
||
| 300 | _a45.p.il. | ||
| 490 | _aTorre de papel naranja | ||
| 590 | _aForma de adquisición : Premio - Mincultura | ||
| 650 | 1 | 4 | _aCUENTOS INFANTILES ALEMANES |
| 942 |
_2ddc _cBK |
||
| 999 |
_c26152 _d26152 |
||